[Event "USA-ch16 prel 07 corr0204"]
[Site "USA"]
[Date "2002.09.03"]
[Round "?"]
[White "Meador, Charles M"]
[Black "Daud, Haryanto"]
[Result "0-1"]
[WhiteElo "2095"]
[BlackElo "2170"]
[PlyCount "104"]
[EventDate "2002.??.??"]
[EventType "tourn (corr)"]
[EventRounds "6"]
[EventCountry "USA"]
[SourceTitle "Corr 2006"]
[Source "ChessBase"]
[SourceDate "2006.04.01"]
[SourceVersion "3"]
[SourceVersionDate "2006.04.01"]
[SourceQuality "1"]

1. d4 e6 2. c4 f5 3. Nf3 Nf6 4. Bg5 Bb4+ 5. Nc3 c5 6. e3 Bxc3+ 7. bxc3 0-0 8. Bd3 Qa5 9. Qc2 Nc6 10. 0-0 d6 11. Rfb1 Qc7 12. Bxf6 Rxf6 13. e4 f4 14. e5 Rh6 15. Re1 Bd7 16. Re4 cxd4 17. cxd4 dxe5 18. Nxe5 Nxd4 19. Rxd4 Qxe5 20. Qc3 Rf8 21. Be4 Bc6 22. Bxc6 bxc6 23. Rd3 Qxc3 24. Rxc3 Rh5 25. Rd1 Ra5 26. a3 Rb8 27. g3 fxg3 28. hxg3 Rc5 29. Rd7 a5 30. Re7 Rd8 31. Rxe6 Rd4 32. Re7 Rdxc4 33. Rce3 h6 34. Ra7 Rg5 35. Re6 Kh7 36. Ree7 Rc3 37. Rec7 h5 38. Kf1 Kh6 39. Ke2 Rxa3 40. Rxc6+ Rg6 41. Rc8 Ra2+ 42. Kf1 Rf6 43. Rh8+ Kg6 44. f4 Rb6 45. Re8 Rbb2 46. Re3 a4 47. Ra6+ Kh7 48. Ra5 Kh6 49. Ra6+ g6 50. Ree6 Rb1+ 51. Re1 Rb3 52. Re4 Rf3+ 0-1